00496nam a2200145Ia 450000500170000000800410001702000180005808200190007610000240009524500270011926000470014694200070019399900170020095201330021720251127144254.0251127s9999 xx 000 0 und d a9781626760073 a327.7305 MAR-N aMarkey, Daniel Seth 0aNo Exit from Pakistan: aNew YorkbCambridge University Pressc2013 cBK c31281d31281 001040708Social Science Basement FlooraAUSCbAUSCd2023-09-19eGifted by Dr Amanullah Khani40456o327.7305 MAR-NpG1762yBK